00390nam a2200157Ia 45000010006000000050017000060080041000230410008000640820021000721000047000932450034001402600009001743000033001836500008002166540008002241074220260306161854.0260306t1988||||xx |||||||||||||| ||spa|| aESP a946.6bC265 T. 4 aCongreso de historia de Euskal HerriaeAUT 0aLa crisis del antiguo regimen c1988 axvi, 399 páginas :c25 cm. aGEN aCHU